Το έπος της εικονομαχίας : [ιστορία του ελληνικού έθνους, βιβλίον δέκατον: μεσαιωνικός ελληνισμός - ΙΙ, η μεταρρύθμισης]
Saved in:
| Main Author: | |
|---|---|
| Format: | Book |
| Language: | Greek |
| Published: |
Αθήνα :
Ωκεανίδα,
2005.
|
| Series: | Κυκεών ;
30 |
| Subjects: | |
| Tags: |
Add Tag
No Tags, Be the first to tag this record!
|
MARC
| LEADER | 00000cam a2200000 i 4500 | ||
|---|---|---|---|
| 001 | 1/24204 | ||
| 008 | 060213s2005 gr | || |||| ||gre|| | ||
| 020 | |a 9604104136 | ||
| 035 | |l 10082618 | ||
| 040 | |a GR-MyUa |b gre |e AACR2 | ||
| 041 | 0 | |a gre | |
| 082 | 7 | |a 938.3 |2 (22) | |
| 100 | 1 | |a Παπαρρηγόπουλος, Κωνσταντίνος Δ., |d 1815-1891. | |
| 245 | 1 | 3 | |a Το έπος της εικονομαχίας : |b [ιστορία του ελληνικού έθνους, βιβλίον δέκατον: μεσαιωνικός ελληνισμός - ΙΙ, η μεταρρύθμισης] / |c Κωνσταντίνος Παπαρρηγόπουλος. |
| 260 | |a Αθήνα : |b Ωκεανίδα, |c 2005. | ||
| 300 | |a 545 σ. ; |c 21 εκ. | ||
| 490 | 1 | |a (Κυκέων ; |v 30) | |
| 610 | 2 | 0 | |a Orthodox Eastern Church |x Relations |x Catholic Church. |
| 650 | 0 | |a Iconoclasm |z Byzantine empire |x History. | |
| 651 | 0 | |a Byzantine Empire |x History |y Isaurian dynasty, 717-811. | |
| 651 | 0 | |a Byzantine Empire |x Church history. | |
| 830 | 0 | |a Κυκεών ; |v 30 | |
| 852 | |a INST |b LESVOS |e 20060213 |h 938.3 ΠΑΠ |p 005100034138 |q 005100034138 |t BK |y 0 | ||
| 901 | |a BIBL1-2006-1 | ||
| 920 | |a ΕΠΕΑΕΚ ΠΜΣ ΓΥΝΑΙΚΕΣ KAI ΦΥΛΑ |y Λέσβος |z 2006-01 | ||
| 970 | |a ΚΑΡΑ |b ΓΙΑΣΕΜΗ |z 2006/02/13 | ||